[Event "Politiken Cup 24th"]
[Site "Copenhagen"]
[Date "2002.07.20"]
[Round "6"]
[White "Hovmoller, Kristian"]
[Black "Mikkelsen, Nikolaj"]
[Result "1-0"]
[WhiteElo "2248"]
[BlackElo "2120"]
[PlyCount "61"]
[EventDate "2002.07.15"]
[EventType "swiss"]
[EventRounds "11"]
[EventCountry "DEN"]
[SourceTitle "CBM 089 Extra"]
[Source "ChessBase"]
[SourceDate "2002.09.10"]
[SourceVersion "2"]
[SourceVersionDate "2002.09.10"]
[SourceQuality "1"]

1. d4 d5 2. c4 e6 3. Nc3 c6 4. cxd5 exd5 5. Bf4 Bd6 6. Bg3 Nf6 7. Qc2 0-0 8. e3 Be6 9. Nf3 c5 10. Bxd6 Qxd6 11. Nb5 Qe7 12. Qxc5 Qxc5 13. dxc5 Nbd7 14. Nc7 Rac8 15. Nxe6 fxe6 16. b4 a5 17. a3 axb4 18. axb4 Ra8 19. Rc1 Ra4 20. Rb1 Ra2 21. Bb5 e5 22. 0-0 e4 23. Nd4 Ne5 24. c6 bxc6 25. Bxc6 Nxc6 26. Nxc6 Ng4 27. b5 Rc2 28. Nd4 Rcc8 29. b6 Rf7 30. Rfc1 Rb8 31. Nc6 1-0

[Event "Politiken Cup 24th"]
[Site "Copenhagen"]
[Date "2002.07.18"]
[Round "4"]
[White "Hovmoller, Kristian"]
[Black "Kjartansson, Gudmundur"]
[Result "0-1"]
[WhiteElo "2248"]
[BlackElo "2105"]
[PlyCount "80"]
[EventDate "2002.07.15"]
[EventType "swiss"]
[EventRounds "11"]
[EventCountry "DEN"]
[SourceTitle "CBM 089 Extra"]
[Source "ChessBase"]
[SourceDate "2002.09.10"]
[SourceVersion "2"]
[SourceVersionDate "2002.09.10"]
[SourceQuality "1"]

1. d4 Nf6 2. c4 g6 3. Nc3 d5 4. Nf3 Bg7 5. e3 0-0 6. Qb3 dxc4 7. Bxc4 b6 8. 0-0 e6 9. Rd1 Bb7 10. Ne5 Nd5 11. f4 Nf6 12. Qc2 Qe7 13. b3 Nbd7 14. a4 Rfd8 15. a5 Nxe5 16. fxe5 Nd5 17. a6 Bc6 18. Rf1 Rac8 19. Rf2 Bh6 20. Re2 Nxc3 21. Qxc3 Be4 22. b4 Qg5 23. Bd2 c5 24. bxc5 bxc5 25. Rf1 Qh5 26. dxc5 Rxc5 27. Qb4 Rdc8 28. Bb5 Qxe5 29. Bd7 Rd8 30. Ba4 Bd3 31. Qb7 Qc7 32. Bb4 Qxb7 33. axb7 Rc4 34. Ba5 Rb8 35. Bb5 Bxe2 36. Bxc4 Bxe3+ 37. Kh1 Bxc4 38. Re1 Bh6 39. Rb1 Bd5 40. Rc1 Bxc1 0-1

[Event "Politiken Cup 23rd"]
[Site "Copenhagen"]
[Date "2001.07.22"]
[Round "8"]
[White "Laubsch, Bernd"]
[Black "Hovmoller, Kristian"]
[Result "1-0"]
[WhiteElo "2311"]
[BlackElo "2194"]
[PlyCount "139"]
[EventDate "2001.07.16"]
[EventType "swiss"]
[EventRounds "11"]
[EventCountry "DEN"]
[SourceTitle "CBM 083 Extra"]
[Source "ChessBase"]
[SourceDate "2001.09.11"]
[SourceVersion "1"]
[SourceVersionDate "2001.09.11"]
[SourceQuality "1"]

1. e4 c5 2. Nf3 d6 3. d4 cxd4 4. Nxd4 Nf6 5. Nc3 a6 6. Be3 e5 7. Nb3 Be7 8. f3 Be6 9. g4 Nbd7 10. Qd2 b5 11. 0-0-0 h6 12. Kb1 Nb6 13. h4 b4 14. Bxb6 Qxb6 15. Nd5 Nxd5 16. exd5 Bd7 17. Bd3 a5 18. Qe2 a4 19. Nd2 a3 20. Nc4 Qc7 21. b3 Kd8 22. Qd2 Rb8 23. c3 bxc3 24. Qxc3 Bb5 25. Rc1 Bxc4 26. Qxc4 Qxc4 27. Rxc4 Ra8 28. Rb4 Re8 29. Rb6 Kc7 30. Rc6+ Kb8 31. Rhc1 Ra7 32. Ba6 Rd7 33. Rc8+ Rxc8 34. Rxc8+ Ka7 35. Bb5 Rd8 36. Rc7+ Kb6 37. Rxe7 Kxb5 38. Rxf7 Kc5 39. Kc2 Kxd5 40. Kd3 g5 41. hxg5 hxg5 42. Ra7 Rf8 43. Ke3 Kc5 44. Rxa3 Kb4 45. Ra4+ Kc3 46. Rc4+ Kb2 47. Rc6 d5 48. Re6 d4+ 49. Kf2 Kxa2 50. Rxe5 Kxb3 51. Rxg5 Kc4 52. Rg7 Kd5 53. Rd7+ Ke5 54. Kg3 Rf6 55. Rd8 Rc6 56. f4+ Ke4 57. Re8+ Kd5 58. f5 d3 59. Rd8+ Ke4 60. Kh4 Kf4 61. Kh5 Ke4 62. g5 Rc5 63. f6 Rd5 64. Ra8 d2 65. Ra1 d1Q+ 66. Rxd1 Rxd1 67. f7 Rf1 68. g6 Ke5 69. g7 Rf5+ 70. Kg6 1-0